[Event "BL 8384 Bochum-Frankfurt"]
[Site "?"]
[Date "1983.??.??"]
[Round "?.4"]
[White "Konikowski, J."]
[Black "Bialas, W."]
[Result "1/2-1/2"]
[WhiteElo "2390"]
[BlackElo "2345"]
[PlyCount "57"]
[EventDate "1983.??.??"]

1. c4 e5 2. g3 Nf6 3. Bg2 c6 4. d4 exd4 5. Qxd4 d5 6. Nc3 Be6 7. cxd5 cxd5 8.
Bg5 Be7 9. Nf3 Nc6 10. Qa4 O-O 11. O-O a6 12. Nd4 Nxd4 13. Qxd4 h6 14. Be3 Rc8
15. Rfd1 Bc5 16. Qd2 Bxe3 17. Qxe3 Re8 18. Rd4 Bh3 19. Qd2 Bxg2 20. Kxg2 Qe7
21. e3 Qe6 22. Qe2 Rc4 23. Rad1 Rxd4 24. Rxd4 Qb6 25. Qd2 Re5 26. b4 Ne4 27.
Nxe4 Rxe4 28. Rxe4 dxe4 29. a3 1/2-1/2

[Event "BL 8384 Bochum-Frankfurt"]
[Site "?"]
[Date "1983.??.??"]
[Round "?.5"]
[White "Haakert, J."]
[Black "Beckemeyer, W."]
[Result "0-1"]
[WhiteElo "2305"]
[BlackElo "2290"]
[PlyCount "84"]
[EventDate "1983.??.??"]

1. g3 e5 2. Bg2 Nf6 3. d3 g6 4. Nf3 Nc6 5. O-O Bg7 6. c4 O-O 7. Nc3 d6 8. Bd2
Re8 9. Ne1 Bf5 10. e4 Be6 11. Nc2 Qd7 12. b4 Bh3 13. b5 Nd4 14. Nxd4 exd4 15.
Ne2 Bxg2 16. Kxg2 a6 17. a4 axb5 18. axb5 Rxa1 19. Qxa1 d5 20. cxd5 Nxd5 21.
Re1 Nb6 22. Qb2 h5 23. h4 Kh7 24. Ng1 Na4 25. Qb4 Nc3 26. b6 c6 27. Nf3 Ra8 28.
Bf4 Ra4 29. Qc5 Kg8 30. Ne5 Qe6 31. Nc4 Ra2 32. Be5 Bxe5 33. Nxe5 Qf6 34. Nf3
Rb2 35. e5 Qd8 36. Qd6 Qf8 37. Qd7 Nd5 38. e6 fxe6 39. Rxe6 Qf7 40. Qd6 Ne3+
41. Kg1 Rb1+ 42. Kh2 Rh1+ 0-1

[Event "BL 8384 Bochum-Frankfurt"]
[Site "?"]
[Date "1983.??.??"]
[Round "?.6"]
[White "Bachmann, K."]
[Black "Zimmermann, F."]
[Result "0-1"]
[WhiteElo "2325"]
[BlackElo "2255"]
[PlyCount "90"]
[EventDate "1983.??.??"]

1. c4 Nf6 2. Nc3 c5 3. g3 d5 4. cxd5 Nxd5 5. Bg2 Nxc3 6. bxc3 g6 7. d3 Bg7 8.
Qc2 O-O 9. Nf3 Nc6 10. O-O Rb8 11. Bb2 e5 12. Nd2 Qc7 13. Nc4 b5 14. Ne3 Be6
15. Nd5 Qd7 16. e4 f5 17. f4 Ne7 18. Nxe7+ Qxe7 19. fxe5 fxe4 20. Rxf8+ Rxf8
21. d4 e3 22. Qe4 cxd4 23. Qxd4 e2 24. Re1 Rd8 25. Qe3 Bc4 26. Bf3 Rd1 27. Rxd1
exd1=Q+ 28. Bxd1 Qxe5 29. Qxe5 Bxe5 30. Bb3 Bxb3 31. axb3 b4 32. Kf2 bxc3 33.
Bc1 Kf7 34. Ke2 Ke6 35. Ba3 a6 36. Kd3 h5 37. Bc5 Kf5 38. Bb4 Kg4 39. Bxc3 Bxc3
40. Kxc3 Kh3 41. Kb4 Kxh2 42. Ka5 Kxg3 43. Kxa6 h4 44. b4 h3 45. b5 h2 0-1

[Event "BL 8384 Bochum-Frankfurt"]
[Site "?"]
[Date "1983.??.??"]
[Round "?.7"]
[White "Glienke, M."]
[Black "Sehner, N."]
[Result "0-1"]
[WhiteElo "2335"]
[BlackElo "2315"]
[PlyCount "120"]
[EventDate "1983.??.??"]

1. Nf3 c5 2. e3 g6 3. d4 Bg7 4. Be2 Nf6 5. O-O b6 6. c4 O-O 7. Nc3 cxd4 8. Nxd4
Bb7 9. Bf3 Nc6 10. Nc2 Na5 11. Bxb7 Nxb7 12. e4 Rc8 13. Ne3 Na5 14. Qd3 d6 15.
Bd2 Nd7 16. Qe2 Nc6 17. Nc2 Nc5 18. Rad1 Qd7 19. Rfe1 Rfd8 20. h3 Qb7 21. Kh1
Ne6 22. f4 a6 23. f5 Ned4 24. Nxd4 Nxd4 25. Qd3 b5 26. cxb5 axb5 27. Rf1 Nc6
28. fxg6 hxg6 29. Nxb5 Ne5 30. Qb3 Qxe4 31. Bc3 Qc4 32. Qxc4 Rxc4 33. Rfe1 Rb8
34. Nd4 Rb7 35. Nb3 Ra7 36. a3 Rc8 37. Re2 Rb7 38. Na5 Rb5 39. a4 Rb6 40. Be1
e6 41. b4 d5 42. b5 Ra8 43. Bf2 Rbb8 44. Rxe5 Rxa5 45. Re3 Rxa4 46. Rb3 Rb7 47.
b6 d4 48. Rc1 Ra8 49. Rc7 Rab8 50. Rc6 e5 51. Bg3 f6 52. Kg1 Kf7 53. Be1 Bf8
54. g4 Rd8 55. Kf1 Bd6 56. Bf2 Ke6 57. h4 Rdb8 58. h5 gxh5 59. gxh5 Kd5 60. Rc7
Bxc7 0-1

[Event "BL 8384 Solingen-Bamberg"]
[Site "?"]
[Date "1983.??.??"]
[Round "?.2"]
[White "Lau, R."]
[Black "Bartsch, B."]
[Result "1/2-1/2"]
[WhiteElo "2395"]
[BlackElo "2265"]
[PlyCount "41"]
[EventDate "1983.??.??"]

1. e4 c5 2. Nf3 Nf6 3. e5 Nd5 4. d4 cxd4 5. Qxd4 e6 6. Bc4 Nc6 7. Qe4 Nde7 8.
O-O Ng6 9. Re1 Be7 10. Nc3 a6 11. Qe2 b5 12. Bd3 Bb7 13. Bd2 Qc7 14. Rad1 Rd8
15. a3 O-O 16. h4 d6 17. exd6 Bxd6 18. Bg5 Be7 19. Qe3 b4 20. axb4 Nxb4 21. Be4
1/2-1/2

[Event "BL 8384 Solingen-Bamberg"]
[Site "?"]
[Date "1983.??.??"]
[Round "?.3"]
[White "Hartmann, Wo"]
[Black "Dueball, J."]
[Result "1/2-1/2"]
[WhiteElo "2290"]
[BlackElo "2445"]
[PlyCount "56"]
[EventDate "1983.??.??"]

1. f4 g6 2. e4 c5 3. g3 Bg7 4. Bg2 Nc6 5. d3 d6 6. Nh3 e6 7. O-O Nge7 8. Nd2
O-O 9. Nc4 d5 10. Ne3 d4 11. Nc4 b5 12. Nd2 f5 13. a4 bxa4 14. Rxa4 Rb8 15. Nc4
Qc7 16. Bd2 Bd7 17. Qe1 Nc8 18. Ra6 Nb6 19. exf5 Nxc4 20. dxc4 gxf5 21. Ng5
Rfe8 22. Ra1 Rb6 23. Ra2 Qd6 24. Qd1 h6 25. Nf3 Reb8 26. Bc1 a6 27. Ra3 Kh7 28.
Qe2 Qe7 1/2-1/2

[Event "BL 8384 Solingen-Bamberg"]
[Site "?"]
[Date "1983.??.??"]
[Round "?.4"]
[White "Borik, O."]
[Black "Backwinkel, P."]
[Result "1-0"]
[WhiteElo "2395"]
[BlackElo "2330"]
[PlyCount "85"]
[EventDate "1983.??.??"]

1. Nf3 Nf6 2. c4 g6 3. Nc3 Bg7 4. d4 O-O 5. e4 d6 6. h3 c5 7. d5 e5 8. g4 Ne8
9. Bd3 Nd7 10. Rg1 Kh8 11. Bg5 Ndf6 12. Qd2 a6 13. Ke2 Qc7 14. Be3 Bd7 15. a4
Rb8 16. b3 b6 17. Rab1 Ng8 18. Qc2 Bh6 19. g5 Bg7 20. b4 f5 21. bxc5 dxc5 22.
h4 Ne7 23. h5 gxh5 24. Nh4 f4 25. Bd2 Nd6 26. Ke1 Qc8 27. f3 Ng6 28. Nf5 Bxf5
29. exf5 Nxf5 30. Bxf5 Rxf5 31. Ne4 Rf8 32. Rh1 h4 33. Ke2 Rd8 34. Be1 b5 35.
axb5 axb5 36. cxb5 Rxd5 37. Bxh4 c4 38. Bf2 Qe8 39. b6 Rdd8 40. Qxc4 Ne7 41.
Rxh7+ Kxh7 42. Rh1+ Bh6 43. Nf6+ 1-0

[Event "BL 8384 Solingen-Bamberg"]
[Site "?"]
[Date "1983.??.??"]
[Round "?.5"]
[White "Treppner, G."]
[Black "Werner, D."]
[Result "1/2-1/2"]
[WhiteElo "2345"]
[BlackElo "2340"]
[PlyCount "73"]
[EventDate "1983.??.??"]

1. Nf3 Nf6 2. c4 e6 3. Nc3 d5 4. d4 dxc4 5. e3 c5 6. Bxc4 a6 7. a4 Nc6 8. O-O
cxd4 9. exd4 Be7 10. Bg5 O-O 11. Re1 b6 12. d5 exd5 13. Bxd5 Nxd5 14. Qxd5 Qxd5
15. Nxd5 Bc5 16. Be3 Rb8 17. Rac1 Bg4 18. Bxc5 bxc5 19. Rxc5 Bxf3 20. gxf3 Nd4
21. Kg2 Rxb2 22. Ra5 h6 23. Rxa6 Ne6 24. Kg3 Rfb8 25. Ra7 Ra2 26. Ne7+ Kh7 27.
Nc6 Rbb2 28. Rxf7 Ng5 29. Ra7 Rxf2 30. Nd4 Rxh2 31. Ree7 Rhg2+ 32. Kf4 Nh3+ 33.
Ke5 Rg5+ 34. Ke4 Ra3 35. Ne6 Nf2+ 36. Kd4 Rg1 37. Rxg7+ 1/2-1/2

[Event "BL 8384 Solingen-Bamberg"]
[Site "?"]
[Date "1983.??.??"]
[Round "?.8"]
[White "Bilek, M."]
[Black "Ruehrig, V."]
[Result "1/2-1/2"]
[WhiteElo "2305"]
[BlackElo "2330"]
[PlyCount "129"]
[EventDate "1983.??.??"]

1. e4 Nf6 2. e5 Nd5 3. Nc3 Nxc3 4. dxc3 d6 5. Bf4 g6 6. Bc4 Bg7 7. Nf3 O-O 8.
Qe2 Qd7 9. O-O-O Nc6 10. Rhe1 Qg4 11. Bg3 Be6 12. Bxe6 Qxe6 13. Kb1 dxe5 14.
Nxe5 Rad8 15. Nd3 Qxe2 16. Rxe2 Rd7 17. Rde1 Rfd8 18. a3 e6 19. Bh4 Re8 20. f4
Ne7 21. Nc5 Rd5 22. Nxe6 Nf5 23. Nxc7 Rxe2 24. Nxd5 Rxg2 25. Nf6+ Bxf6 26. Bxf6
Kf8 27. Rd1 Ng7 28. Rd7 Rxh2 29. Rxb7 h5 30. c4 h4 31. c5 h3 32. Rb3 Ne8 33.
Be5 f6 34. Bb8 Ke7 35. Re3+ Kd8 36. c6 a6 37. Rg3 Kc8 38. c7 Nxc7 39. Bxc7 Kxc7
40. Rxg6 Rg2 41. Rh6 h2 42. Ka2 Rxc2 43. Kb3 Rf2 44. Kc3 Kd7 45. b4 Ke6 46. a4
Kf5 47. Rh4 Ke4 48. b5 axb5 49. axb5 Ra2 50. Kb3 Rd2 51. Kc3 Ra2 52. Kb3 Rg2
53. b6 Rg8 54. Kc4 Rc8+ 55. Kb5 Rc2 56. b7 Kf3 57. Kb6 Kg2 58. b8=Q Rb2+ 59.
Kc7 Rxb8 60. Kxb8 h1=Q 61. Rxh1 Kxh1 62. Kc7 Kg2 63. Kd6 Kf3 64. Ke6 Kxf4 65.
Kxf6 1/2-1/2

[Event "BL 8384 Frankfurt-Solingen"]
[Site "?"]
[Date "1983.??.??"]
[Round "?.2"]
[White "Flear, G."]
[Black "Lau, R."]
[Result "0-1"]
[WhiteElo "2380"]
[BlackElo "2395"]
[PlyCount "122"]
[EventDate "1983.??.??"]

1. d4 Nf6 2. c4 e6 3. Nc3 Bb4 4. e3 c5 5. Bd3 Nc6 6. Nge2 d5 7. O-O dxc4 8.
Bxc4 O-O 9. a3 Bxc3 10. bxc3 e5 11. Bb2 Qd6 12. f3 Rd8 13. Rc1 Be6 14. Bxe6
fxe6 15. Qe1 Rac8 16. Qg3 b6 17. Rc2 Nd5 18. f4 exf4 19. Nxf4 Nxf4 20. Rxf4 e5
21. Rg4 Rc7 22. Rc1 Rf7 23. Rd1 Qe6 24. Rd2 Na5 25. Rf2 Rdf8 26. Rxf7 Qxf7 27.
h3 Nc4 28. Bc1 Kh8 29. Kh2 Qf2 30. dxc5 Qxg3+ 31. Kxg3 b5 32. a4 a6 33. axb5
axb5 34. e4 Rc8 35. Bg5 Rxc5 36. Kf2 Kg8 37. Ke2 Kf7 38. Rg3 Nd6 39. Rf3+ Ke6
40. Kd3 Rc4 41. Re3 Nb7 42. Kc2 Nc5 43. Kb2 Nxe4 44. Bd8 Nc5 45. Ba5 Nd7 46.
Rg3 g6 47. Bb4 Nf6 48. Bf8 Nd5 49. Bg7 Rc7 50. Bh8 Rf7 51. Kb3 Rf4 52. Bg7 Re4
53. Bh6 Re2 54. c4 bxc4+ 55. Kxc4 Nf4 56. Bxf4 exf4 57. Rg4 Ke5 58. Kd3 Ra2 59.
g3 fxg3 60. Ke3 Ra3+ 61. Ke2 g2 0-1

[Event "BL 8384 Frankfurt-Solingen"]
[Site "?"]
[Date "1983.??.??"]
[Round "?.3"]
[White "Dueball, J."]
[Black "Weidemann, J."]
[Result "1-0"]
[WhiteElo "2445"]
[BlackElo "2290"]
[PlyCount "115"]
[EventDate "1983.??.??"]

1. e4 c6 2. d4 d5 3. exd5 cxd5 4. c4 Nc6 5. cxd5 Qxd5 6. Nf3 e5 7. Nc3 Bb4 8.
Bd2 Bxc3 9. Bxc3 e4 10. Ne5 Nxe5 11. dxe5 Ne7 12. Qa4+ Bd7 13. Qa3 Qe6 14. Rd1
O-O 15. Rd6 Qf5 16. Be2 Be6 17. O-O Ng6 18. Qc5 Rfc8 19. Qd4 h5 20. Re1 Nf4 21.
Bf1 Qg4 22. g3 b5 23. Qxe4 Nh3+ 24. Kg2 Rab8 25. Qxg4 hxg4 26. f4 gxf3+ 27.
Kxf3 Ng5+ 28. Kf4 b4 29. Bd4 Nh7 30. b3 Rc2 31. Re2 g5+ 32. Ke3 Rc1 33. Bg2
Rbc8 34. Bxa7 Bg4 35. Red2 Re1+ 36. Kf2 Rxe5 37. Rd8+ Re8 38. Rxe8+ Rxe8 39.
Bd4 Nf8 40. h3 Bf5 41. g4 Bg6 42. Bc5 Ne6 43. Bxb4 Nf4 44. Bf1 Bb1 45. Bd6 Ne6
46. Bc4 Be4 47. a4 Ra8 48. Ke3 Bc6 49. Bd5 Ra6 50. Bxc6 Rxc6 51. a5 Nd8 52. b4
Nb7 53. Bh2 Rh6 54. Ra2 f5 55. a6 f4+ 56. Kf2 Rxh3 57. axb7 Rxh2+ 58. Kg1 1-0

[Event "BL 8384 Frankfurt-Solingen"]
[Site "?"]
[Date "1983.??.??"]
[Round "?.4"]
[White "Bialas, W."]
[Black "Borik, O."]
[Result "1/2-1/2"]
[WhiteElo "2345"]
[BlackElo "2395"]
[PlyCount "40"]
[EventDate "1983.??.??"]

1. g3 Nf6 2. Bg2 d5 3. Nf3 c5 4. O-O Nc6 5. d4 e6 6. c4 Be7 7. cxd5 exd5 8.
dxc5 Bxc5 9. a3 O-O 10. b4 Bb6 11. Nc3 Be6 12. Na4 Ne4 13. Nxb6 Qxb6 14. Be3
Qb5 15. Nd4 Nxd4 16. Bxd4 Rfe8 17. Re1 a5 18. bxa5 Rxa5 19. e3 Rea8 20. Qh5 f6
1/2-1/2

[Event "BL 8384 Frankfurt-Solingen"]
[Site "?"]
[Date "1983.??.??"]
[Round "?.5"]
[White "Werner, D."]
[Black "Haakert, J."]
[Result "1/2-1/2"]
[WhiteElo "2340"]
[BlackElo "2305"]
[PlyCount "25"]
[EventDate "1983.??.??"]

1. d4 f5 2. c4 Nf6 3. Nc3 g6 4. g3 Bg7 5. Bg2 O-O 6. Nf3 d6 7. O-O c6 8. Re1
Na6 9. a3 Nc7 10. Qd3 Nh5 11. e4 f4 12. Ne2 e5 13. dxe5 1/2-1/2

[Event "BL 8384 Frankfurt-Solingen"]
[Site "?"]
[Date "1983.??.??"]
[Round "?.7"]
[White "Kavalek, L."]
[Black "Zimmermann, F."]
[Result "1-0"]
[WhiteElo "2560"]
[BlackElo "2255"]
[PlyCount "67"]
[EventDate "1983.??.??"]

1. c4 Nf6 2. Nc3 c5 3. Nf3 d5 4. cxd5 Nxd5 5. e4 Nb4 6. Bc4 Nd3+ 7. Ke2 Nf4+ 8.
Kf1 Ne6 9. b4 cxb4 10. Ne2 g6 11. Bb2 Bg7 12. Bxe6 Bxb2 13. Bxf7+ Kxf7 14. Qb3+
e6 15. Qxb2 Rf8 16. h4 Nc6 17. h5 g5 18. h6 Qf6 19. Qxf6+ Kxf6 20. Rh5 e5 21.
Rxg5 Be6 22. d4 exd4 23. e5+ Ke7 24. Nexd4 Nxd4 25. Nxd4 Rac8 26. Rg7+ Rf7 27.
f4 Bc4+ 28. Kf2 Kf8 29. Rxf7+ Bxf7 30. e6 Be8 31. g4 Rc3 32. Rd1 Rh3 33. Nf5
Rh2+ 34. Ke3 1-0

[Event "BL 8384 Frankfurt-Solingen"]
[Site "?"]
[Date "1983.??.??"]
[Round "?.8"]
[White "Glienke, M."]
[Black "Bilek, M."]
[Result "1-0"]
[WhiteElo "2335"]
[BlackElo "2305"]
[PlyCount "95"]
[EventDate "1983.??.??"]

1. e4 c6 2. d3 d5 3. Nd2 g6 4. g3 Bg7 5. Bg2 e5 6. Ngf3 Ne7 7. O-O O-O 8. Re1
Qc7 9. c3 dxe4 10. dxe4 Rd8 11. Qc2 Nd7 12. a4 Nf8 13. Nc4 Be6 14. Bf1 f6 15.
b3 Nc8 16. Ba3 Nd7 17. Rad1 Bf8 18. Bxf8 Nxf8 19. Rxd8 Qxd8 20. Rd1 Qc7 21.
Nfd2 Bg4 22. f3 Be6 23. b4 Nb6 24. a5 Nxc4 25. Nxc4 Rd8 26. Rxd8 Qxd8 27. Qd3
Qxd3 28. Bxd3 Bxc4 29. Bxc4+ Kg7 30. Kf2 f5 31. Ke3 Kf6 32. Bb3 Ke7 33. h4 Kf6
34. Bc2 h6 35. exf5 gxf5 36. g4 fxg4 37. fxg4 Ne6 38. Be4 Nf4 39. a6 bxa6 40.
Bxc6 Ng6 41. Be4 Nf8 42. Bf5 h5 43. Kf3 hxg4+ 44. Kxg4 e4 45. Bxe4 Nd7 46. Kf4
a5 47. bxa5 Ne5 48. Bd5 1-0

[Event "BL 8384 Bamberg-Bochum"]
[Site "?"]
[Date "1983.??.??"]
[Round "?.1"]
[White "Schussler, H."]
[Black "Seppeur, R."]
[Result "0-1"]
[WhiteElo "2485"]
[BlackElo "2310"]
[PlyCount "102"]
[EventDate "1983.??.??"]

1. d4 Nf6 2. c4 c5 3. d5 e5 4. Nc3 d6 5. e4 g6 6. Be2 Bg7 7. Bg5 h6 8. Be3 Na6
9. h3 O-O 10. Qd2 Kh7 11. Nf3 Nc7 12. a3 b6 13. g4 Nfe8 14. Bd3 Rb8 15. b4 Bd7
16. Ke2 a6 17. Rab1 Qc8 18. Qc2 Rh8 19. bxc5 dxc5 20. Na4 Na8 21. Qb3 Nd6 22.
Nd2 Re8 23. Qc2 Bf6 24. f3 Qd8 25. Nc3 Bg5 26. Bf2 Bh4 27. Bg1 Kg7 28. a4 Qc8
29. Nd1 a5 30. Ne3 Nc7 31. Ng2 Bf6 32. h4 Na6 33. Be3 Qd8 34. Nf1 Nb4 35. Qd2
Rh8 36. Ng3 Kg8 37. Bxh6 Bxa4 38. Be3 b5 39. Kf2 bxc4 40. Be2 Bb3 41. Bxc5 Qc7
42. Be3 a4 43. g5 Bg7 44. h5 c3 45. Qc1 c2 46. Ra1 Nc4 47. Bxc4 Qxc4 48. Ne1
Bf8 49. Qd2 Bd6 50. h6 Kh7 51. Ne2 Rhc8 0-1

[Event "BL 8384 Bamberg-Bochum"]
[Site "?"]
[Date "1983.??.??"]
[Round "?.2"]
[White "Bartsch, B."]
[Black "Budde, V."]
[Result "1-0"]
[WhiteElo "2265"]
[BlackElo "2355"]
[PlyCount "69"]
[EventDate "1983.??.??"]

1. e4 c5 2. Nc3 d6 3. g3 Nc6 4. Bg2 g6 5. d3 Bg7 6. Be3 Nd4 7. Qd2 Qd7 8. f4 b6
9. Nf3 Bb7 10. O-O Nxf3+ 11. Bxf3 f5 12. Qg2 Rb8 13. g4 e6 14. gxf5 exf5 15.
exf5 Bxc3 16. bxc3 Bxf3 17. Rxf3 Qxf5 18. Bf2 Ne7 19. Bh4 Nc6 20. Re1+ Kd7 21.
Rfe3 Qf7 22. d4 d5 23. c4 Rbe8 24. cxd5 Nxd4 25. Re7+ Rxe7 26. Rxe7+ Qxe7 27.
Bxe7 Kxe7 28. c3 Nf5 29. Qe2+ Kd8 30. Qe5 Re8 31. Qb8+ Ke7 32. Qxa7+ Kf8 33.
Qxh7 Re1+ 34. Kf2 Rd1 35. Qxg6 1-0

[Event "BL 8384 Bamberg-Bochum"]
[Site "?"]
[Date "1983.??.??"]
[Round "?.3"]
[White "Ueter, H."]
[Black "Hartmann, Wo"]
[Result "1/2-1/2"]
[WhiteElo "2270"]
[BlackElo "2290"]
[PlyCount "95"]
[EventDate "1983.??.??"]

1. e4 c5 2. Nf3 d6 3. d4 cxd4 4. Nxd4 Nf6 5. Nc3 Nc6 6. Bg5 g6 7. Bxf6 exf6 8.
Qd2 Bg7 9. Ndb5 O-O 10. Nxd6 f5 11. Nxc8 Rxc8 12. Qxd8 Rfxd8 13. exf5 Nb4 14.
Bd3 Bxc3+ 15. bxc3 Rxc3 16. fxg6 hxg6 17. O-O Nxc2 18. Bxc2 Rxc2 19. Rfc1 Rb2
20. Rcb1 Rdd2 21. Rxb2 Rxb2 22. h4 Kg7 23. a3 b5 24. g4 a6 25. Kg2 a5 26. Kg3
a4 27. f3 Rb3 28. Kf4 Kf6 29. Ra2 b4 30. axb4 Rxb4+ 31. Kg3 g5 32. h5 Kg7 33.
Ra3 Kh6 34. Rc3 Rf4 35. Rc6+ Kg7 36. Ra6 Kh7 37. Ra5 Kh6 38. Rb5 Rf6 39. Ra5
Rf4 40. Kf2 Rb4 41. Ra7 Rf4 42. Ra6+ Kg7 43. Ra8 Kh7 44. Ra5 Kh6 45. Kg3 Rb4
46. Rf5 Rf4 47. Ra5 Rb4 48. Ra6+ 1/2-1/2

[Event "BL 8384 Bamberg-Bochum"]
[Site "?"]
[Date "1983.??.??"]
[Round "?.5"]
[White "Beckemeyer, W."]
[Black "Treppner, G."]
[Result "1/2-1/2"]
[WhiteElo "2290"]
[BlackElo "2345"]
[PlyCount "42"]
[EventDate "1983.??.??"]

1. e4 e5 2. Nf3 Nf6 3. Nxe5 d6 4. Nf3 Nxe4 5. d4 d5 6. Bd3 Bd6 7. O-O O-O 8. c4
Nf6 9. cxd5 Nxd5 10. Nc3 Nf4 11. Be4 Nd7 12. Ne5 Nxe5 13. Bxf4 Ng6 14. Be3 c6
15. Qb3 Kh8 16. d5 c5 17. Bxg6 fxg6 18. Nb5 b6 19. Rad1 Rf5 20. Rd2 Bb7 21.
Rfd1 Qd7 1/2-1/2

[Event "BL 8384 Bamberg-Bochum"]
[Site "?"]
[Date "1983.??.??"]
[Round "?.6"]
[White "Kestler, H."]
[Black "Ackermann, H."]
[Result "1-0"]
[WhiteElo "2405"]
[BlackElo "2255"]
[PlyCount "79"]
[EventDate "1983.??.??"]

1. c4 Nf6 2. Nf3 g6 3. g3 Bg7 4. Bg2 O-O 5. O-O d6 6. d4 c6 7. Nc3 Bg4 8. Be3
Qc8 9. Qd2 Re8 10. Bh6 Bh8 11. Ng5 Na6 12. h3 Bd7 13. Kh2 Nc7 14. e4 Nh5 15. f4
f6 16. Nf3 Rb8 17. d5 b5 18. dxc6 Bxc6 19. Nd4 Bd7 20. cxb5 Nxb5 21. Ndxb5 Bxb5
22. Nxb5 Rxb5 23. Rac1 Qb8 24. b3 Bg7 25. Bxg7 Nxg7 26. Rfd1 Rf8 27. Bf1 Rb6
28. Rc3 Kh8 29. Rdc1 e5 30. Bc4 exf4 31. gxf4 g5 32. Bd5 h6 33. Rf1 a5 34. Rcf3
g4 35. hxg4 f5 36. Rh3 Kh7 37. gxf5 Rb5 38. Qg2 Rf6 39. Rg1 Qf8 40. Qg6+ 1-0

[Event "BL 8384 Bamberg-Bochum"]
[Site "?"]
[Date "1983.??.??"]
[Round "?.8"]
[White "Ruehrig, V."]
[Black "Roevekamp, F."]
[Result "0-1"]
[WhiteElo "2330"]
[BlackElo "2325"]
[PlyCount "108"]
[EventDate "1983.??.??"]

1. e4 c5 2. Nc3 e6 3. g3 d5 4. exd5 exd5 5. Bg2 Nf6 6. d3 Be7 7. Nge2 d4 8. Ne4
O-O 9. O-O Nd5 10. Nf4 Nxf4 11. Bxf4 Nc6 12. Qh5 f5 13. Ng5 Bxg5 14. Bxg5 Qe8
15. Bd5+ Be6 16. Qf3 Qd7 17. Bxe6+ Qxe6 18. Rfe1 Qd7 19. Re2 f4 20. Qh5 Qf5 21.
g4 Qd5 22. Re4 f3 23. Rae1 h6 24. Bd2 Qxh5 25. gxh5 Rf5 26. Re8+ Rxe8 27. Rxe8+
Kh7 28. Rc8 Re5 29. h3 Re2 30. Bf4 Rxc2 31. Bd6 c4 32. dxc4 d3 33. Bf4 d2 34.
Bxd2 Rxd2 35. b3 Rxa2 36. Rc7 Nd8 37. Rd7 Ne6 38. Rxb7 Nf4 39. c5 Nxh3+ 40. Kh2
Nxf2 41. Kg3 Ne4+ 42. Kxf3 Nxc5 43. Rb5 Nd7 44. Ke4 Nf6+ 45. Kd4 a5 46. Kc4 a4
47. b4 Rc2+ 48. Kd3 Rh2 49. Ra5 a3 50. Kc4 a2 51. b5 Rb2 52. Kc5 Ne4+ 53. Kc6
Nd2 54. Ra4 Nb3 0-1

[Event "BL 8384 Bamberg-Heidelberg"]
[Site "?"]
[Date "1984.??.??"]
[Round "?.1"]
[White "Steinbacher, M."]
[Black "Seppeur, R."]
[Result "0-1"]
[WhiteElo "2310"]
[BlackElo "2310"]
[PlyCount "71"]
[EventDate "1984.??.??"]

1. e4 c5 2. Nf3 d6 3. d4 cxd4 4. Nxd4 Nf6 5. Nc3 g6 6. Be3 Bg7 7. f3 Nc6 8. Qd2
O-O 9. O-O-O Nxd4 10. Bxd4 Be6 11. Kb1 Qc7 12. g4 Rfc8 13. h4 Qa5 14. a3 Rab8
15. h5 b5 16. hxg6 hxg6 17. g5 b4 18. Nb5 Nh5 19. Bxg7 Kxg7 20. Nd4 Qc5 21. a4
b3 22. c3 Qa5 23. Bb5 a6 24. Nxe6+ fxe6 25. Bd7 Rc4 26. Qd3 Qc5 27. Bxe6 Rxa4
28. Rxh5 gxh5 29. c4 Qe5 30. Bd5 Ra2 31. Qd2 Rf8 32. c5 Rxf3 33. Bxb3 Ra5 34.
Qxa5 Rxb3 35. Rd2 Qxe4+ 36. Ka2 {ZÜ} 0-1

[Event "BL 8384 Bamberg-Heidelberg"]
[Site "?"]
[Date "1984.??.??"]
[Round "?.3"]
[White "Mack, P."]
[Black "Hartmann, Wo"]
[Result "1/2-1/2"]
[WhiteElo "2280"]
[BlackElo "2290"]
[PlyCount "43"]
[EventDate "1984.??.??"]

1. Nf3 c5 2. g3 g6 3. Bg2 Bg7 4. O-O Nc6 5. d3 e5 6. e4 Nge7 7. Nc3 O-O 8. Nh4
d6 9. f4 exf4 10. Bxf4 h6 11. Be3 Ne5 12. h3 b6 13. Qd2 Kh7 14. Rad1 Bb7 15. b3
Qd7 16. d4 cxd4 17. Bxd4 Rac8 18. Rf2 N7c6 19. Be3 Nb4 20. Bd4 Nbc6 21. Be3 Nb4
22. Bd4 1/2-1/2

[Event "BL 8384 Sindelfingen-Bamberg"]
[Site "?"]
[Date "1984.??.??"]
[Round "?.1"]
[White "Seppeur, R."]
[Black "Fahnenschmidt, G."]
[Result "1/2-1/2"]
[WhiteElo "2310"]
[BlackElo "2325"]
[PlyCount "37"]
[EventDate "1984.??.??"]

1. e4 c5 2. Nc3 e6 3. g3 d5 4. d3 Nf6 5. Bg2 dxe4 6. Nxe4 Nxe4 7. Bxe4 Nd7 8.
Ne2 Nf6 9. Bg2 Bd6 10. O-O O-O 11. d4 cxd4 12. Nxd4 a6 13. c4 Qc7 14. Qb3 e5
15. Nc2 Be6 16. Ne3 Rab8 17. Nd5 Nxd5 18. cxd5 Bf5 19. Bd2 1/2-1/2

[Event "BL 8384 Sindelfingen-Bamberg"]
[Site "?"]
[Date "1984.??.??"]
[Round "?.3"]
[White "Hartmann, Wo"]
[Black "Hoffmann, H."]
[Result "1/2-1/2"]
[WhiteElo "2290"]
[BlackElo "2210"]
[PlyCount "43"]
[EventDate "1984.??.??"]

1. e4 e6 2. d4 d5 3. Nc3 dxe4 4. Nxe4 Nd7 5. Nf3 Ngf6 6. Bg5 Be7 7. Nxf6+ Nxf6
8. Bd3 O-O 9. Qd2 b6 10. O-O-O Bb7 11. Qf4 Bxf3 12. Qxf3 Nd5 13. Bxe7 Qxe7 14.
Rhe1 Qg5+ 15. Kb1 Rad8 16. g3 Qf6 17. Qe4 g6 18. f4 Qe7 19. Bc4 Qb4 20. Bb3 Qd6
21. Qe5 a5 22. Bxd5 1/2-1/2

[Event "BL 8384 München 36-Bochum"]
[Site "?"]
[Date "1984.??.??"]
[Round "?.1"]
[White "Schussler, H."]
[Black "Unzicker, W."]
[Result "1/2-1/2"]
[WhiteElo "2485"]
[BlackElo "2455"]
[PlyCount "47"]
[EventDate "1984.??.??"]

1. Nf3 Nf6 2. c4 c5 3. Nc3 e6 4. g3 d5 5. cxd5 Nxd5 6. Bg2 Nc6 7. d4 Be7 8. O-O
O-O 9. e4 Ndb4 10. dxc5 Bxc5 11. e5 Be7 12. a3 Nd3 13. Qe2 Nxc1 14. Raxc1 Qa5
15. Rfd1 a6 16. Nd4 Nxd4 17. Rxd4 Rb8 18. Re1 b5 19. Qd2 Qc7 20. b4 h6 21. f4
Rd8 22. Rxd8+ Bxd8 23. Ne4 Bb7 24. Kh1 1/2-1/2

[Event "BL 8384 München 36-Bochum"]
[Site "?"]
[Date "1984.??.??"]
[Round "?.2"]
[White "Robatsch, K."]
[Black "Budde, V."]
[Result "1-0"]
[WhiteElo "2420"]
[BlackElo "2355"]
[PlyCount "131"]
[EventDate "1984.??.??"]

1. Nf3 c5 2. c4 e6 3. g3 b6 4. Bg2 Bb7 5. O-O Nf6 6. Nc3 Be7 7. d4 cxd4 8. Qxd4
d6 9. Rd1 a6 10. Ng5 Bxg2 11. Kxg2 O-O 12. Nce4 Ne8 13. Qd3 g6 14. Nf3 f5 15.
Neg5 Qd7 16. Qe3 Ng7 17. Qxb6 h6 18. Nh3 g5 19. Ne5 Qc8 20. Ng6 Re8 21. Nxe7+
Rxe7 22. b3 Ne8 23. Bb2 e5 24. f3 g4 25. Nf2 gxf3+ 26. exf3 Nc6 27. Rd2 Nd8 28.
Qe3 Nf7 29. c5 dxc5 30. Rc1 Nf6 31. Qxc5 Qe8 32. Qc6 Re6 33. Qxe8+ Raxe8 34.
Rc5 R8e7 35. Re2 Nd7 36. Rc7 Nb6 37. Rxe7 Rxe7 38. Nd3 Nd7 39. g4 e4 40. gxf5
exf3+ 41. Kxf3 Ng5+ 42. Kf2 Rf7 43. Re8+ Nf8 44. Re5 Rc7 45. h4 Rc2+ 46. Re2
Ne4+ 47. Kf1 Rxe2 48. Kxe2 Ng3+ 49. Kf3 Nxf5 50. Kg4 Ne3+ 51. Kf4 Nd5+ 52. Ke4
Nc7 53. Be5 Nfe6 54. Nf4 Kf7 55. Nxe6 Nxe6 56. Kd5 Nd8 57. Bc7 Ne6 58. Bg3 Ke7
59. Kc6 Nd4+ 60. Kb6 Ne2 61. Be1 h5 62. Kxa6 Nc1 63. Bd2 Nd3 64. Kb6 Kd7 65. a4
Ne5 66. Bf4 1-0

[Event "BL 8384 München 36-Bochum"]
[Site "?"]
[Date "1984.??.??"]
[Round "?.3"]
[White "Heinbuch, D."]
[Black "Bastian, H."]
[Result "1-0"]
[WhiteElo "2280"]
[BlackElo "2375"]
[PlyCount "135"]
[EventDate "1984.??.??"]

1. d4 Nf6 2. Nf3 g6 3. c4 Bg7 4. Nc3 O-O 5. g3 d6 6. Bg2 Nc6 7. O-O Rb8 8. h3
Nd7 9. b3 e5 10. dxe5 Ndxe5 11. Nxe5 dxe5 12. Ba3 Re8 13. Qxd8 Rxd8 14. Rad1
Be6 15. e3 f5 16. Bxc6 bxc6 17. Kg2 f4 18. g4 h5 19. Kf3 hxg4+ 20. hxg4 Bf8 21.
Rxd8 Rxd8 22. Bxf8 Rxf8 23. Rg1 fxe3+ 24. Kxe3 Kg7 25. f3 Bc8 26. Rd1 Rh8 27.
Ne4 Kf7 28. Nf2 Kg7 29. Rh1 Rf8 30. Nd3 Re8 31. Ke4 Rd8 32. Rh2 Re8 33. Rh4 Rd8
34. Rh1 Re8 35. Rh2 Re7 36. Nc5 Re8 37. Nd3 Rd8 38. Nxe5 Re8 39. g5 c5 40. f4
Bf5+ 41. Ke3 Rd8 42. Rd2 Rh8 43. Rf2 Rh3+ 44. Kd2 Rh1 45. Kc3 Rc1+ 46. Kb2 Rb1+
47. Ka3 Ra1 48. Ka4 Bb1 49. Kb5 Bxa2 50. Rd2 Bxb3 51. Rd7+ Kf8 52. Rxc7 Rb1 53.
Kxc5 Bc2 54. Rxa7 Rf1 55. Rf7+ Ke8 56. Rf6 Bf5 57. Nxg6 Bxg6 58. Rxg6 Rxf4 59.
Rf6 Rg4 60. Rf5 Kd7 61. Kb4 Rg1 62. Ra5 Kc7 63. Rd5 Kc6 64. Rf5 Rb1+ 65. Kc3
Rc1+ 66. Kd4 Kd6 67. c5+ Ke6 68. Re5+ 1-0